| 000 | 01070nac a22002051u 4500 | ||
|---|---|---|---|
| 008 | 101011s2000 xxu||||| |||| 00| 0 ara d | ||
| 020 | _a9981262315 | ||
| 082 |
_a621.47 _bك ه ر |
||
| 110 |
_aAl Monazama Al Islameya Lel Tarbeya Wa Al Thakafa Wa Al Olom _920257 |
||
| 245 |
_aالكهرباء الشمسية / _cتوماس ماركفارت ...[وآخ]؛ ترجمة عبد الرحيم بو طالب ؛ مراجعة رشيد التادلي |
||
| 260 |
_aالرباط : _bالمنظمة الإسلامية للتربية والعلوم والثقافة ،2000 _c2000. |
||
| 300 |
_a259 ص : _bايض ؛ _c24 سم. |
||
| 511 | _aCatalogued by: Sara | ||
| 650 | _920253 | ||
| 650 |
_aالطاقة الشمسية _920254 |
||
| 700 |
_aبو طالب ، عبد الرحيم _920255 _eترجمة |
||
| 700 |
_aالتادلي ، رشيد _920256 _eمراجعة |
||
| 942 |
_cBB _k621.47 ك ه ر _2ddc |
||
| 999 |
_c6498 _d6498 |
||